Sick and tired of feeling sick and tired : (Record no. 381)

MARC details
000 -LEADER
fixed length control field 00826cam a2200265 a 4500
005 - DATE AND TIME OF LATEST TRANSACTION
control field 20260322212017.0
008 - FIXED-LENGTH DATA ELEMENTS--GENERAL INFORMATION
fixed length control field data
010 ## - LIBRARY OF CONGRESS CONTROL NUMBER
LC control number 2001267010
Canceled/invalid LC control number 92006400
020 ## - INTERNATIONAL STANDARD BOOK NUMBER
International Standard Book Number 0393320650
020 ## - INTERNATIONAL STANDARD BOOK NUMBER
International Standard Book Number 9780393320657
040 ## - CATALOGING SOURCE
Original cataloging agency DLC
Transcribing agency DLC
Modifying agency DLC
050 00 - LIBRARY OF CONGRESS CALL NUMBER
Classification number RC108
Item number .D66 2000
082 00 - DEWEY DECIMAL CLASSIFICATION NUMBER
Classification number 616/.044/019
Edition information 21
096 ## - LOCALLY ASSIGNED NLM-TYPE CALL NUMBER (OCLC)
Classification number WT 500 D72s 2000
001 - CONTROL NUMBER
control field data
100 1# - MAIN ENTRY--PERSONAL NAME
Personal name Donoghue, Paul J.
245 10 - TITLE STATEMENT
Title Sick and tired of feeling sick and tired :
Remainder of title living with invisible chronic illness /
Statement of responsibility, etc. Paul J. Donoghue & Mary E. Siegel.
250 ## - EDITION STATEMENT
Edition statement New ed.
260 ## - PUBLICATION, DISTRIBUTION, ETC.
Place of publication, distribution, etc. New York :
Name of publisher, distributor, etc. Norton,
Date of publication, distribution, etc. c2000.
300 ## - PHYSICAL DESCRIPTION
Extent xxii, 284 p. ;
Dimensions 22 cm.
504 ## - BIBLIOGRAPHY, ETC. NOTE
Bibliography, etc. note Includes bibliographical references (p. [241]-256) and index.
650 #0 - SUBJECT ADDED ENTRY--TOPICAL TERM
Topical term or geographic name entry element Chronic diseases
General subdivision Psychological aspects.
650 #0 - SUBJECT ADDED ENTRY--TOPICAL TERM
Topical term or geographic name entry element Physician and patient.
700 1# - ADDED ENTRY--PERSONAL NAME
Personal name Siegel, Mary E.
Holdings
Withdrawn status Lost status Damaged status Not for loan Home library Current library Shelving location Date acquired Total checkouts Full call number Barcode Date last seen Price effective from Koha item type
        Franklin Franklin General stacks 22/03/2026   616/.044/019 21 BC0010391 22/03/2026 22/03/2026 Books